Statistics for Jack Dylan Grazer Filmography

Click here to take the quiz!

General Stats

  • This quiz has been taken 30 times
    (7 since last reset)
  • The average score is 8 of 23

Answer Stats

TypeYearName% Correct
Film2017It
83%
Film2019It: Chapter Two
83%
Film2019Shazam!
83%
Film2023Shazam! Fury of the Gods
67%
Film2018Beautiful Boy
50%
Film2021Luca
50%
Web Series2024The Spiderwick Chronicles
50%
Film2022Batman and Superman: Battle of the Super Sons
33%
Short Film2021Ciao Alberto
33%
Film2020Don't Tell a Soul
33%
Film2023Downtown Owl
33%
Film2022Dreamin' Wild
33%
TV Show2017-2018Me, Myself & I
33%
Film2021Ron's Gone Wrong
33%
TV Show2020We Are Who We Are
33%
TV Show2019Robot Chicken
17%
Film2017Scales: Mermaids Are Real
17%
TV Show2018Speechless
17%
Film2015Tales of Halloween
17%
TV Show2014The Greatest Event in Television History
17%
TV Show2018Camp Confessions
0%
TV Show2015Comedy Bang! Bang!
0%
Film2023See Po Pozco: The Movie
0%

Score Distribution

Percentile by Number Answered

Percent of People with Each Score

Your Score History

You have not taken this quiz since the last reset